| 000 | 00413nam a22001697a 4500 | ||
|---|---|---|---|
| 003 | NUST - PNEC | ||
| 005 | 20170116180829.0 | ||
| 008 | 150729b xxu||||| |||| 00| 0 eng d | ||
| 020 | _a0155029037 | ||
| 040 | _cLIBRARY | ||
| 082 | _a515.15 KOL | ||
| 100 |
_94524 _aKolman, Bernard |
||
| 245 |
_aApplied calculus _cBernard Kolman |
||
| 260 | _cc.1989 | ||
| 650 |
_94525 _aCalculus _xME / MIS |
||
| 942 |
_2ddc _cBK |
||
| 999 |
_c63969 _d63969 |
||